000
00504nam a2200181Ia 4500
008
090124s9999 xx 000 0 und d
082
_b
21034
100
_a
कुरऴे श्य़ाम
245
_a
फिरकी
250
_a
1
260
_b
प्रचार प्रकाशन
_c
1983
300
_a
173
600
_a
कुरऴे श्य़ाम
630
_a
फिरकी
700
_a
कुरऴे श्य़ाम
730
_a
फिरकी
942
_c
BOOK
999
_c
91172
_d
91172